LEADER 01755nam 2200397z- 450 001 9910418035703321 005 20210212 035 $a(CKB)4100000011435997 035 $a(oapen)https://directory.doabooks.org/handle/20.500.12854/57509 035 $a(oapen)doab57509 035 $a(EXLCZ)994100000011435997 100 $a20202102d2019 |y 0 101 0 $aeng 135 $aurmn|---annan 181 $ctxt$2rdacontent 182 $cc$2rdamedia 183 $acr$2rdacarrier 200 00$aQu?estions bioe?tiques sobre la venda d'aliments i la dispensacio? de medicaments "online"$eBuying medicines and foods online: bioethical issues 210 $cPublicacions i Edicions de la Universitat de Barcelona$d2019 215 $a1 online resource (70 p.) 225 1 $aCol·lecció de Bioètica 311 08$a84-9168-306-2 330 $aAquest document de l'Observatori de Bioe?tica i Dret es proposa identificar problemes bioe?tics derivats de l'u?s d'Internet en el comerc? i l'intercanvi d'aliments i medicaments; oferir recomanacions cap a la responsabilitat dels actors implicats (poders pu?blics, plataformes digitals, distribui?dors i ciutadania en general), i fomentar poli?tiques pu?bliques que s'adequ?in als requisits de seguretat i qualitat. 606 $aMedicine$2bicssc 610 $aAliments 610 $aBioe?tica 610 $aComerc? electro?nic 610 $aMedicines 615 7$aMedicine 700 $aLluís Cabré$4auth$0390884 702 $aPlana$b José$4auth 702 $aLópez Baroni$b Manuel J$4auth 906 $aBOOK 912 $a9910418035703321 996 $aQüestions bioètiques sobre la venda d?aliments i la dispensació de medicaments ?online?$93031620 997 $aUNINA